000
00275nam a22001217a 4500
008
170529b xxu||||| |||| 00| 0 eng d
041
_a
eng
080
_2
8 ED
_a
94(4)
100
_a
16
101
_a
SHH
245
_a
EUROPE GLOBAL STUDIES
_c
FRANKLAND.E.G
942
_2
udc
_c
BK
999
_c
14903
_d
14903